000 01724cam a22004454i 4500
003 PE-LiUPU
005 20250731173005.0
008 150623s1998 miu rb 000 0 eng d
020 _a0801021499
035 _a(Sirsi) i9780801021497
040 _aPE-LiUPU
_bspa
_cPE-LiUPU
_erda
049 _aPRUA
082 0 4 _a227.1077
_bS378r
_221
100 1 _aSchreiner, Thomas R.,
_eautor.
245 1 0 _aRomans /
_cThomas R. Schreiner.
264 1 _aGrand Rapids, Michigan :
_bBaker Books,
_c1998.
300 _a919 páginas ;
_c24 centímetros.
336 _atext
_2rdacontent
337 _aunmediated
_2rdamedia
338 _avolume
_2rdacarrier
490 _a(Baker Exegetical Commentary on the New Testament ;
_v6)
504 _aIncluye referencias bibliográficas e indice
505 0 _aThe Gospel as the Revelation of God`s Righteousness -- God`s Righteousness in His Wrath against Sinners -- The Saving Righteousness of God -- Hope as a Result of Righteousness by Faith -- God`s Righteousness to Israel and the Gentiles.- God`s Righteousness in Everyday Life -- The Extension of God`s Righteousnes through the Pauline -- Final Summary of the Gospel of God`s Righteousness.
526 _aSEG42
526 _aSEG41
526 _aSEG40
526 _aSEG39
526 _aP94
526 _aP87
526 _aP86
526 _aP85
526 _aP77
526 _aP76
526 _aP35
630 _aBiblia.
_pRomanos
_xCrítica, interpretación, etc.
942 _2ddc
_cBK
949 _a227.1077 S31
_wDEWEY
_c1
_i45676
_lCCODEBUL1
_mBUL
_r0
_sY
_tBOOK
_u2015-6-24
_xTEOLOGIA
_0COMPRA
_o.STAFF. Colección Teología
980 _81
_gALBERTO SANCHEZ Responsable de Automatización
999 _c22553
_d22553